00502 2200181 4500001002100000005001500021035002000036245008200056100001400138250000600152300002200158260003000180082001200210084001800222020002100240008004100261990001800302INLIS00000000000082820240424032429 a0010-04210001561 aSoal jawab Lengkap :bCetos Matematika SMA IPS Kelas 10,11 & 12 /cMF. Atsnan0 aAtsnan MF aI a120 ;c14 x 21 Cm aYogjakarta :bAndi,c2014 a510.076 a510.076 ATS s a978-979-29-42019240424 0  a17.01.0000541